Fortnite: Marvel Skins - Statistics

General Stats
  • This quiz has been taken 457 times
    455 since last reset
  • The average score is 42 of 96
Answer Stats
Picture Answer % Correct
Deadool (Pen & Ink)
65%
Venom
65%
Hulk
64%
Spider-Man (No Way Home)
64%
Doctor Doom
63%
Spider-Man
63%
Deadpool
62%
Loki Laufeyson
62%
Thanos
62%
Wolverine
62%
Doom
61%
Groot
61%
Iron Man MK 45
61%
Ant-Man
59%
Tony Stark
59%
Black Panther
58%
Captain America
58%
Young Adult Groot
58%
Green Goblin
57%
Spider-Man
57%
Doctor Strange
56%
Loki, God of Stories
56%
Mysterio
56%
Sakaaran Champion Hulk
56%
Black Widow
55%
Eddie Brock
55%
Thor
55%
Nick Fury
54%
Wolverine (Pen & Ink)
54%
Scarlet Witch
53%
War Machine
53%
Daredevil
52%
Ghost Rider
52%
Spider-Gwen
51%
Wastelander Magneto
51%
Captain Marvel
50%
Carnage
50%
Drax
50%
MJ (No Way Home)
50%
Moon Knight
50%
Silver Surfer
50%
Star-Lord
50%
Storm
49%
Black Widow (Snow Suit)
48%
Clint Barton
47%
Mantis
47%
Thor Odinson
47%
Emma Frost
46%
Black Cat
45%
Cyclops
45%
Mary Jane Watson
45%
Gamora
44%
Captain Jones
43%
Gwenpool
43%
Hela Odinsdottir
43%
Shuri
43%
Blade
42%
Captain America - Sam Wilson
42%
Gambit
42%
Mystique
42%
Prowler
42%
Iron Spider
41%
Peelverine
41%
Spider-Man 2099
41%
Taskmaster
39%
Jennifer Walters
38%
Colossus
37%
Mighty Thor
37%
Dark Phoenix
36%
Fishpool
36%
Shang-Chi
36%
Spider-Woman
35%
Cable
33%
Kate Bishop
33%
Mephisto
33%
She-Venom
33%
Ravenpool
32%
Rogue
32%
Spider-Man Noir
32%
Spider-Punk
30%
Domino
29%
Psylocke
29%
Cuddlepool
27%
Peter B. Parker
27%
Jubilee
26%
Spider-Man Zero
24%
Weapon X
23%
Doom 2099
21%
Meowtooth
21%
X-23
21%
Agony
18%
Ghost Ri-Durrr
17%
Wolverine Zero
17%
Iron Man Zero
16%
Sylvie Laufeydottir
15%
Britestar
9%
No matching quizzes found
Score Distribution
Percent of People with Each Score
Percentile by Number Answered
Your Score History
You have not taken this quiz since the last reset